Aristotle (Record no. 612862)

000 -LEADER
fixed length control field 00250nam a22001097a 4500
040 ## - CATALOGING SOURCE
Transcribing agency CL
100 ## - MAIN ENTRY--PERSONAL NAME
Personal name John B.Morrall
9 (RLIN) 127838
245 ## - TITLE STATEMENT
Title Aristotle
Remainder of title Political Thinkers
260 ## - PUBLICATION, DISTRIBUTION, ETC.
Place of publication, distribution, etc. London
Name of publisher, distributor, etc. George Allen
Date of publication, distribution, etc. 1977
300 ## - PHYSICAL DESCRIPTION
Extent 120p.
942 ## - ADDED ENTRY ELEMENTS (KOHA)
Source of classification or shelving scheme
Koha item type Book
Holdings
Withdrawn status Lost status Source of classification or shelving scheme Damaged status Not for loan Permanent Location Current Location Date acquired Source of acquisition Total Checkouts Full call number Barcode Date last seen Price effective from Koha item type
          Central Library (CL) Central Library (CL) 02/13/2025 Donation   320.112 JOH CL-D-2672 02/14/2025 02/13/2025 Book
© 2023 Central Library, National University of Sciences and Technology. All Rights Reserved.